| 000 | 00522nam a22001697a 4500 | ||
|---|---|---|---|
| 003 | SISC | ||
| 005 | 20160616104217.0 | ||
| 008 | 160611b xxu||||| |||| 00| 0 eng d | ||
| 020 | _a9780547589350 | ||
| 050 |
_aQC 863 D612 2012 _b20201 |
||
| 245 |
_aScience fusion : _bearth's water and atmosphere _cMichael Dispezio et al. |
||
| 260 |
_aOrlando, FL : _bHoughton Mifflin Harcourt Publishing, _cc2012 |
||
| 300 |
_aix, 262 p. : _bcol. ill. ; _c28 cm. |
||
| 650 | _aHydrology | ||
| 650 | _aAtmosphere | ||
| 942 |
_2lcc _cBK |
||
| 999 |
_c295943 _d295943 |
||